000 00686nam a2200205 4500
001 120859
003 ES-MaACL
005 20230906191634.0
007 t|
008 070214s1981 sp r ||||1| spa d
100 1 _aPrat Pérez, Luisa.
_993677
245 1 0 _aImportancia de la reacción del suelo
_b: acidez, pH, necesidad de cal /
_cL. Prat Pérez.
260 _aSalamanca :
_bI. O.A.T.O.,
_c1981.
300 _a36 p., 1 lám. :
_bil. ;
_c25 cm.
490 1 _aTemas de divulgación
710 2 _aInstituto de Orientación y Asistencia Técnica del Oeste.
_94990
830 0 _aTemas de divulgación
_9218706
852 _aES-MaACL
_j2121-F-16
_bR.103167
999 _c120859
_d120859